[Event "DVM U20 2020"]
[Site "Willingen GER"]
[Date "2021.06.24"]
[Round "2"]
[White "Kamp, Adrian"]
[Black "Bosselmann, Tom Linus"]
[Result "1/2-1/2"]
[Termination "normal"]
[Board "6.2"]
[WhiteElo "1982"]
[BlackElo "2060"]
[WhiteClock "00:28:47"]
[BlackClock "00:42:18"]
[WhiteTeam "Schachklub Münster 32 e. V."]
[BlackTeam "Lübecker SV von 1873"]
[PlyCount "68"]
[WhiteFideId "16222466"]
[BlackFideId "12983845"]
[EventCountry "GER"]
[EventRounds "7"]
[EventType "team-swiss"]
[EventDate "2021.06.23"]

1. e4 {[%clk 01:30:52]} {[%emt 00:00:08]} c5 {[%clk 01:30:45]} {[%emt
00:00:16]} 2. d4 {[%clk 01:30:59]} {[%emt 00:00:22]} cxd4 {[%clk 01:30:48]}
{[%emt 00:00:24]} 3. c3 {[%clk 01:31:17]} {[%emt 00:00:15]} dxc3 {[%clk
01:30:21]} {[%emt 00:00:57]} 4. Nxc3 {[%clk 01:31:29]} {[%emt 00:00:19]} Nc6
{[%clk 01:30:46]} {[%emt 00:00:04]} 5. Nf3 {[%clk 01:31:35]} {[%emt 00:00:24]}
e6 {[%clk 01:30:47]} {[%emt 00:00:29]} 6. Bc4 {[%clk 01:31:32]} {[%emt
00:00:34]} a6 {[%clk 01:30:37]} {[%emt 00:00:39]} 7. O-O {[%clk 01:31:30]}
{[%emt 00:00:33]} Nge7 {[%clk 01:30:41]} {[%emt 00:00:26]} 8. Bg5 {[%clk
01:31:17]} {[%emt 00:00:42]} f6 {[%clk 01:30:42]} {[%emt 00:00:29]} 9. Be3
{[%clk 01:31:14]} {[%emt 00:00:34]} b5 {[%clk 01:30:28]} {[%emt 00:00:43]} 10.
Bb3 {[%clk 01:31:14]} {[%emt 00:00:30]} Ng6 {[%clk 01:29:27]} {[%emt 00:01:30]}
11. Nd5 {[%clk 01:28:22]} {[%emt 00:03:23]} Rb8 {[%clk 01:28:20]} {[%emt
00:01:37]} 12. Rc1 {[%clk 01:23:35]} {[%emt 00:05:17]} a5 {[%clk 01:22:27]}
{[%emt 00:06:24]} 13. Nf4 {[%clk 01:14:30]} {[%emt 00:09:33]} a4 {[%clk
01:08:49]} {[%emt 00:14:10]} 14. Nxg6 {[%clk 01:12:32]} {[%emt 00:02:26]} hxg6
{[%clk 01:07:04]} {[%emt 00:02:16]} 15. Bxe6 {[%clk 01:12:06]} {[%emt
00:00:56]} dxe6 {[%clk 01:06:53]} {[%emt 00:00:40]} 16. Rxc6 {[%clk 01:12:21]}
{[%emt 00:00:17]} Qxd1 {[%clk 01:02:27]} {[%emt 00:04:55]} 17. Rxd1 {[%clk
01:12:32]} {[%emt 00:00:19]} Be7 {[%clk 01:00:53]} {[%emt 00:02:04]} 18. Rc7
{[%clk 01:02:15]} {[%emt 00:10:48]} Kf7 {[%clk 00:56:31]} {[%emt 00:04:51]} 19.
Bc5 {[%clk 00:58:48]} {[%emt 00:03:57]} Re8 {[%clk 00:56:05]} {[%emt 00:00:56]}
20. Nd4 {[%clk 00:53:59]} {[%emt 00:05:19]} Rb7 {[%clk 00:54:18]} {[%emt
00:02:17]} 21. Rxe7+ {[%clk 00:51:55]} {[%emt 00:02:34]} Rexe7 {[%clk
00:49:18]} {[%emt 00:05:30]} 22. Bxe7 {[%clk 00:52:03]} {[%emt 00:00:22]} Rxe7
{[%clk 00:49:05]} {[%emt 00:00:43]} 23. Nxb5 {[%clk 00:51:48]} {[%emt
00:00:45]} Rd7 {[%clk 00:48:58]} {[%emt 00:00:38]} 24. Rxd7+ {[%clk 00:49:59]}
{[%emt 00:02:18]} Bxd7 {[%clk 00:49:26]} {[%emt 00:00:02]} 25. Nc3 {[%clk
00:50:19]} {[%emt 00:00:10]} Ke7 {[%clk 00:48:38]} {[%emt 00:01:18]} 26. Kf1
{[%clk 00:49:33]} {[%emt 00:01:15]} Kd6 {[%clk 00:48:55]} {[%emt 00:00:13]} 27.
Ke2 {[%clk 00:49:08]} {[%emt 00:00:55]} Bc6 {[%clk 00:48:22]} {[%emt 00:01:04]}
28. Kd3 {[%clk 00:47:34]} {[%emt 00:02:03]} f5 {[%clk 00:47:28]} {[%emt
00:01:25]} 29. f4 {[%clk 00:43:29]} {[%emt 00:04:35]} Kc5 {[%emt 00:04:15]} 30.
g3 {[%clk 00:39:33]} {[%emt 00:04:17]} Bd7 {[%clk 00:43:38]} {[%emt 00:00:44]}
31. h4 {[%clk 00:35:27]} {[%emt 00:04:36]} Bc6 {[%clk 00:43:27]} {[%emt
00:00:41]} 32. e5 {[%clk 00:29:40]} {[%emt 00:06:17]} Bd7 {[%clk 00:42:19]}
{[%emt 00:01:38]} 33. b3 {[%clk 00:28:24]} {[%emt 00:01:46]} axb3 {[%clk
00:42:18]} {[%emt 00:00:31]} 34. axb3 {[%clk 00:28:47]} {[%emt 00:00:07]} Bc6
{[%clk 00:42:18]} {[%emt 00:00:28]} 1/2-1/2

[Event "DVM U20 2020"]
[Site "Willingen GER"]
[Date "2021.06.24"]
[Round "2"]
[White "Bornholdt, Joa Max"]
[Black "Toval, David"]
[Result "1-0"]
[Termination "normal"]
[Board "6.3"]
[WhiteElo "1998"]
[BlackElo "1857"]
[WhiteClock "00:56:42"]
[BlackClock "01:05:42"]
[WhiteTeam "Lübecker SV von 1873"]
[BlackTeam "Schachklub Münster 32 e. V."]
[PlyCount "47"]
[WhiteFideId "16253477"]
[BlackFideId "12992755"]
[EventCountry "GER"]
[EventRounds "7"]
[EventType "team-swiss"]
[EventDate "2021.06.23"]

1. e4 {[%clk 01:30:54]} {[%emt 00:00:04]} c5 {[%clk 01:30:56]} {[%emt
00:00:05]} 2. Nf3 {[%clk 01:31:05]} {[%emt 00:00:19]} d6 {[%clk 01:31:20]}
{[%emt 00:00:07]} 3. d4 {[%clk 01:31:30]} {[%emt 00:00:05]} cxd4 {[%clk
01:31:45]} {[%emt 00:00:04]} 4. Nxd4 {[%clk 01:31:42]} {[%emt 00:00:19]} Nf6
{[%clk 01:32:09]} {[%emt 00:00:05]} 5. Nc3 {[%clk 01:31:53]} {[%emt 00:00:18]}
a6 {[%clk 01:32:34]} {[%emt 00:00:05]} 6. Rg1 {[%clk 01:31:35]} {[%emt
00:00:49]} b5 {[%clk 01:32:32]} {[%emt 00:00:32]} 7. a3 {[%clk 01:27:26]}
{[%emt 00:04:39]} Bb7 {[%clk 01:32:41]} {[%emt 00:00:20]} 8. Bd3 {[%clk
01:19:53]} {[%emt 00:08:03]} e6 {[%clk 01:31:48]} {[%emt 00:01:23]} 9. g4
{[%clk 01:19:58]} {[%emt 00:00:26]} Be7 {[%clk 01:32:04]} {[%emt 00:00:14]} 10.
g5 {[%clk 01:19:46]} {[%emt 00:00:42]} Nfd7 {[%clk 01:32:26]} {[%emt 00:00:07]}
11. h4 {[%clk 01:09:44]} {[%emt 00:10:32]} Nc6 {[%clk 01:31:07]} {[%emt
00:01:49]} 12. Be3 {[%clk 01:09:40]} {[%emt 00:00:34]} Nb6 {[%clk 01:28:02]}
{[%emt 00:03:35]} 13. h5 {[%clk 01:06:43]} {[%emt 00:03:27]} Ne5 {[%clk
01:28:19]} {[%emt 00:00:13]} 14. f4 {[%clk 01:04:47]} {[%emt 00:02:26]} Nxd3+
{[%clk 01:27:47]} {[%emt 00:01:03]} 15. cxd3 {[%clk 01:03:58]} {[%emt
00:01:19]} d5 {[%clk 01:24:35]} {[%emt 00:03:42]} 16. g6 {[%clk 01:01:07]}
{[%emt 00:03:20]} Bh4+ {[%clk 01:23:08]} {[%emt 00:01:57]} 17. Kf1 {[%clk
00:59:30]} {[%emt 00:02:07]} hxg6 {[%clk 01:20:03]} {[%emt 00:03:36]} 18. hxg6
{[%clk 00:59:17]} {[%emt 00:00:43]} dxe4 {[%clk 01:15:51]} {[%emt 00:04:41]}
19. gxf7+ {[%clk 00:58:42]} {[%emt 00:01:05]} Kxf7 {[%clk 01:14:35]} {[%emt
00:01:46]} 20. Rxg7+ {[%clk 00:57:53]} {[%emt 00:01:19]} Kxg7 {[%clk 01:14:59]}
{[%emt 00:00:06]} 21. Nxe6+ {[%clk 00:58:15]} {[%emt 00:00:09]} Kf7 {[%clk
01:12:36]} {[%emt 00:02:52]} 22. Nxd8+ {[%clk 00:58:37]} {[%emt 00:00:07]} Bxd8
{[%clk 01:07:53]} {[%emt 00:05:14]} 23. Qb3+ {[%clk 00:58:34]} {[%emt
00:00:33]} Ke7 {[%clk 01:05:42]} {[%emt 00:02:41]} 24. Bc5+ {[%clk 00:56:42]}
{[%emt 00:02:22]} 1-0

[Event "DVM U20 2020"]
[Site "Willingen GER"]
[Date "2021.06.24"]
[Round "2"]
[White "Schröder, Lennart"]
[Black "Tiedemann, Fin Niklas"]
[Result "1/2-1/2"]
[Termination "normal"]
[Board "6.4"]
[WhiteElo "1906"]
[BlackElo "1945"]
[WhiteClock "00:36:43"]
[BlackClock "00:25:17"]
[WhiteTeam "Schachklub Münster 32 e. V."]
[BlackTeam "Lübecker SV von 1873"]
[PlyCount "58"]
[WhiteFideId "16222490"]
[BlackFideId "12936936"]
[EventCountry "GER"]
[EventRounds "7"]
[EventType "team-swiss"]
[EventDate "2021.06.23"]

1. Nf3 {[%clk 01:30:47]} {[%emt 00:00:10]} Nf6 {[%clk 01:30:46]} {[%emt
00:00:15]} 2. g3 {[%clk 01:30:53]} {[%emt 00:00:24]} g6 {[%clk 01:31:10]}
{[%emt 00:00:07]} 3. b3 {[%clk 01:31:10]} {[%emt 00:00:11]} Bg7 {[%clk
01:31:25]} {[%emt 00:00:15]} 4. Bb2 {[%clk 01:31:29]} {[%emt 00:00:12]} O-O
{[%clk 01:31:50]} {[%emt 00:00:05]} 5. Bg2 {[%clk 01:31:44]} {[%emt 00:00:15]}
d6 {[%clk 01:31:53]} {[%emt 00:00:27]} 6. d4 {[%clk 01:31:54]} {[%emt
00:00:20]} Nbd7 {[%clk 01:32:01]} {[%emt 00:00:21]} 7. O-O {[%clk 01:31:56]}
{[%emt 00:00:28]} c6 {[%clk 01:29:25]} {[%emt 00:03:08]} 8. c4 {[%clk
01:31:01]} {[%emt 00:01:25]} Qc7 {[%clk 01:29:13]} {[%emt 00:00:41]} 9. Nc3
{[%clk 01:30:22]} {[%emt 00:01:10]} e5 {[%clk 01:22:10]} {[%emt 00:07:30]} 10.
dxe5 {[%clk 01:29:34]} {[%emt 00:01:19]} Nxe5 {[%clk 01:21:46]} {[%emt
00:00:53]} 11. Qd2 {[%clk 01:23:35]} {[%emt 00:06:29]} Bg4 {[%clk 01:17:38]}
{[%emt 00:04:39]} 12. h3 {[%clk 01:18:32]} {[%emt 00:05:33]} Nxf3+ {[%clk
01:17:14]} {[%emt 00:00:54]} 13. exf3 {[%clk 01:18:54]} {[%emt 00:00:09]} Be6
{[%clk 01:17:36]} {[%emt 00:00:06]} 14. f4 {[%clk 01:18:18]} {[%emt 00:01:07]}
Rfd8 {[%clk 01:15:48]} {[%emt 00:02:17]} 15. Rfd1 {[%clk 01:16:58]} {[%emt
00:01:51]} h5 {[%clk 01:08:33]} {[%emt 00:07:45]} 16. Rac1 {[%clk 01:13:35]}
{[%emt 00:03:54]} Qd7 {[%clk 01:04:43]} {[%emt 00:04:18]} 17. Kh2 {[%clk
01:12:20]} {[%emt 00:01:45]} Rac8 {[%clk 01:00:03]} {[%emt 00:05:11]} 18. Qe3
{[%clk 01:08:33]} {[%emt 00:04:17]} b6 {[%clk 00:57:28]} {[%emt 00:03:06]} 19.
Rd2 {[%clk 01:07:10]} {[%emt 00:01:52]} d5 {[%clk 00:49:10]} {[%emt 00:08:49]}
20. Rcd1 {[%clk 00:58:15]} {[%emt 00:09:25]} d4 {[%clk 00:44:51]} {[%emt
00:04:49]} 21. Qf3 {[%clk 00:51:02]} {[%emt 00:07:43]} c5 {[%clk 00:43:27]}
{[%emt 00:01:55]} 22. Re2 {[%clk 00:48:38]} {[%emt 00:02:54]} Bf8 {[%clk
00:37:37]} {[%emt 00:06:19]} 23. Nb1 {[%clk 00:46:04]} {[%emt 00:03:04]} Rc7
{[%clk 00:35:43]} {[%emt 00:02:24]} 24. Nd2 {[%clk 00:44:07]} {[%emt 00:02:27]}
Bg7 {[%clk 00:35:35]} {[%emt 00:00:38]} 25. Bf1 {[%clk 00:41:51]} {[%emt
00:02:46]} Bf5 {[%clk 00:35:05]} {[%emt 00:01:01]} 26. Rde1 {[%clk 00:40:40]}
{[%emt 00:01:40]} Qd6 {[%clk 00:32:49]} {[%emt 00:02:46]} 27. Bg2 {[%clk
00:39:48]} {[%emt 00:01:22]} Kh7 {[%clk 00:31:09]} {[%emt 00:02:11]} 28. Bf1
{[%clk 00:37:52]} {[%emt 00:02:26]} a6 {[%clk 00:28:59]} {[%emt 00:02:40]} 29.
Bg2 {[%clk 00:36:43]} {[%emt 00:01:38]} Kg8 {[%clk 00:25:17]} {[%emt 00:04:11]}
1/2-1/2

[Event "DVM U20 2020"]
[Site "Willingen GER"]
[Date "2021.06.24"]
[Round "2"]
[White "Glinzner, Alva"]
[Black "Kamp, Aaron"]
[Result "0-1"]
[Termination "normal"]
[Board "6.5"]
[WhiteElo "1855"]
[BlackElo "1771"]
[WhiteClock "00:04:33"]
[BlackClock "00:46:01"]
[WhiteTeam "Lübecker SV von 1873"]
[BlackTeam "Schachklub Münster 32 e. V."]
[PlyCount "106"]
[WhiteFideId "16206169"]
[BlackFideId "16231120"]
[EventCountry "GER"]
[EventRounds "7"]
[EventType "team-swiss"]
[EventDate "2021.06.23"]

1. e4 {[%clk 01:30:55]} {[%emt 00:00:04]} c5 {[%clk 01:30:53]} {[%emt
00:00:07]} 2. d3 {[%clk 01:30:56]} {[%emt 00:00:29]} Nc6 {[%clk 01:30:41]}
{[%emt 00:00:42]} 3. f4 {[%clk 01:30:30]} {[%emt 00:00:56]} d6 {[%clk
01:30:21]} {[%emt 00:00:49]} 4. Nf3 {[%clk 01:29:55]} {[%emt 00:01:08]} Nf6
{[%clk 01:30:18]} {[%emt 00:00:31]} 5. Be2 {[%clk 01:30:09]} {[%emt 00:00:18]}
e6 {[%clk 01:29:18]} {[%emt 00:01:27]} 6. O-O {[%clk 01:29:16]} {[%emt
00:01:25]} Be7 {[%clk 01:29:12]} {[%emt 00:00:35]} 7. c3 {[%clk 01:28:34]}
{[%emt 00:01:13]} O-O {[%clk 01:29:00]} {[%emt 00:00:42]} 8. Na3 {[%clk
01:25:03]} {[%emt 00:04:01]} a6 {[%clk 01:28:30]} {[%emt 00:00:58]} 9. Nc2
{[%clk 01:25:04]} {[%emt 00:00:30]} b5 {[%clk 01:28:15]} {[%emt 00:00:44]} 10.
a4 {[%clk 01:22:42]} {[%emt 00:02:53]} Bb7 {[%clk 01:25:39]} {[%emt 00:03:05]}
11. Ne3 {[%clk 01:20:01]} {[%emt 00:03:13]} d5 {[%clk 01:23:44]} {[%emt
00:02:24]} 12. e5 {[%clk 01:17:34]} {[%emt 00:02:58]} Nd7 {[%clk 01:23:20]}
{[%emt 00:00:53]} 13. d4 {[%clk 01:16:27]} {[%emt 00:01:38]} Qb6 {[%clk
01:20:56]} {[%emt 00:02:53]} 14. Kh1 {[%clk 01:08:35]} {[%emt 00:08:23]} cxd4
{[%clk 01:20:05]} {[%emt 00:01:21]} 15. cxd4 {[%clk 01:08:59]} {[%emt
00:00:07]} Na5 {[%clk 01:19:11]} {[%emt 00:01:23]} 16. Qd3 {[%clk 00:58:22]}
{[%emt 00:11:07]} bxa4 {[%clk 01:14:52]} {[%emt 00:04:48]} 17. Bd1 {[%clk
00:34:52]} {[%emt 00:24:01]} Qb5 {[%clk 01:10:51]} {[%emt 00:04:31]} 18. Ne1
{[%clk 00:20:19]} {[%emt 00:15:03]} Nb3 {[%clk 01:08:48]} {[%emt 00:02:32]} 19.
Bxb3 {[%clk 00:14:36]} {[%emt 00:06:14]} Qxb3 {[%clk 01:05:14]} {[%emt
00:04:04]} 20. Qe2 {[%clk 00:12:29]} {[%emt 00:02:38]} Bc6 {[%clk 01:03:28]}
{[%emt 00:02:14]} 21. Rf3 {[%clk 00:11:58]} {[%emt 00:01:02]} Qb5 {[%clk
01:01:19]} {[%emt 00:02:38]} 22. Qf2 {[%clk 00:11:10]} {[%emt 00:01:19]} f6
{[%clk 00:59:54]} {[%emt 00:01:55]} 23. Nd1 {[%clk 00:04:14]} {[%emt 00:07:27]}
fxe5 {[%clk 00:57:51]} {[%emt 00:02:31]} 24. Nc3 {[%clk 00:03:47]} {[%emt
00:00:58]} Qc4 {[%clk 00:57:05]} {[%emt 00:01:15]} 25. fxe5 {[%clk 00:04:08]}
{[%emt 00:00:11]} Bh4 {[%clk 00:55:48]} {[%emt 00:01:46]} 26. g3 {[%clk
00:03:26]} {[%emt 00:01:12]} Be7 {[%clk 00:52:09]} {[%emt 00:04:08]} 27. Be3
{[%clk 00:02:25]} {[%emt 00:01:32]} Nxe5 {[%clk 00:44:34]} {[%emt 00:08:04]}
28. dxe5 {[%clk 00:01:03]} {[%emt 00:01:53]} d4 {[%clk 00:44:02]} {[%emt
00:01:01]} 29. Bxd4 {[%clk 00:01:12]} {[%emt 00:00:22]} Rxf3 {[%clk 00:43:43]}
{[%emt 00:00:49]} 30. Nxf3 {[%clk 00:01:18]} {[%emt 00:00:24]} Rf8 {[%clk
00:43:59]} {[%emt 00:00:13]} 31. Kg1 {[%clk 00:00:59]} {[%emt 00:00:50]} Rxf3
{[%clk 00:43:47]} {[%emt 00:00:41]} 32. Rxa4 {[%clk 00:00:49]} {[%emt
00:00:40]} Bxa4 {[%clk 00:42:33]} {[%emt 00:01:43]} 33. Qxf3 {[%clk 00:01:05]}
{[%emt 00:00:16]} Qxd4+ {[%clk 00:42:53]} {[%emt 00:00:09]} 34. Kf1 {[%clk
00:01:11]} {[%emt 00:00:24]} Bb5+ {[%clk 00:42:06]} {[%emt 00:01:16]} 35. Nxb5
{[%clk 00:01:02]} {[%emt 00:00:41]} axb5 {[%clk 00:41:40]} {[%emt 00:00:54]}
36. Qe2 {[%clk 00:01:20]} {[%emt 00:00:14]} Qc4 {[%clk 00:41:15]} {[%emt
00:00:54]} 37. Qxc4 {[%clk 00:01:15]} {[%emt 00:00:36]} bxc4 {[%clk 00:41:36]}
{[%emt 00:00:07]} 38. Ke2 {[%clk 00:01:35]} {[%emt 00:00:11]} Bc5 {[%clk
00:41:53]} {[%emt 00:00:12]} 39. Kd2 {[%clk 00:01:34]} {[%emt 00:00:33]} Bd4
{[%clk 00:42:13]} {[%emt 00:00:09]} 40. Kc2 {[%clk 00:01:43]} {[%emt 00:00:21]}
Bxe5 {[%clk 00:42:33]} {[%emt 00:00:11]} 41. b4 {[%clk 00:01:48]} {[%emt
00:00:24]} cxb3+ {[%clk 00:42:52]} {[%emt 00:00:10]} 42. Kxb3 {[%clk 00:02:16]}
{[%emt 00:00:03]} Kf7 {[%clk 00:43:04]} {[%emt 00:00:17]} 43. Kc4 {[%clk
00:02:41]} {[%emt 00:00:06]} Kf6 {[%clk 00:43:26]} {[%emt 00:00:08]} 44. Kd3
{[%clk 00:03:02]} {[%emt 00:00:09]} Kf5 {[%clk 00:43:43]} {[%emt 00:00:12]} 45.
Ke3 {[%clk 00:03:11]} {[%emt 00:00:23]} h5 {[%clk 00:43:33]} {[%emt 00:00:39]}
46. Kf3 {[%clk 00:03:20]} {[%emt 00:00:21]} g5 {[%clk 00:43:46]} {[%emt
00:00:17]} 47. h3 {[%clk 00:02:49]} {[%emt 00:01:02]} g4+ {[%clk 00:44:02]}
{[%emt 00:00:12]} 48. hxg4+ {[%clk 00:02:58]} {[%emt 00:00:23]} hxg4+ {[%clk
00:44:23]} {[%emt 00:00:08]} 49. Kg2 {[%clk 00:03:21]} {[%emt 00:00:08]} Ke4
{[%clk 00:44:45]} {[%emt 00:00:06]} 50. Kf2 {[%clk 00:03:43]} {[%emt 00:00:09]}
Kd3 {[%clk 00:45:03]} {[%emt 00:00:12]} 51. Kg2 {[%clk 00:03:59]} {[%emt
00:00:14]} Ke2 {[%clk 00:45:23]} {[%emt 00:00:09]} 52. Kh2 {[%clk 00:04:08]}
{[%emt 00:00:22]} Kf2 {[%clk 00:45:37]} {[%emt 00:00:16]} 53. Kh1 {[%clk
00:04:33]} {[%emt 00:00:05]} Kxg3 {[%clk 00:46:01]} {[%emt 00:00:06]} 0-1